[Event "30th ch-BAN"]
[Site "Dhaka BAN"]
[Date "2004.04.09"]
[Round "12"]
[White "Uddin,S"]
[Black "Mohammad,J"]
[Result "0-1"]
[WhiteElo "2254"]
[BlackElo "2150"]

1.Nf3 d5 2.g3 c6 3.Bg2 Bg4 4.d3 Nd7 5.Nbd2 Ngf6 6.h3 Bh5 7.O-O e5 8.Qe1 Bd6
9.e4 O-O 10.g4 Bg6 11.Nh4 Re8 12.Nf5 Bxf5 13.exf5 e4 14.dxe4 Nxe4 15.Nxe4 dxe4
16.Be3 Qf6 17.Qd2 Qe5 18.Rfd1 Bc7 19.Bd4 Qh2+ 20.Kf1 Ne5 21.Qe2 Qf4 22.Be3 Qh2
23.Rd4 Nf3 24.Bxf3 exf3 25.Qxf3 Qe5 26.Rb4 b6 27.Qxc6 Rac8 28.Rc4 Qxb2 29.Rd1 h6
30.Rd7 Be5 31.Qd5 Kh8 32.Qxf7 Qb5 33.Bc5 bxc5 34.g5 Qc6 35.Kg1 Rcd8 36.Rxd8 Rxd8
37.Kf1 Qf3  0-1

[Event "77th ch-city"]
[Site "St Petersburg RUS"]
[Date "2004.04.09"]
[Round "9"]
[White "Loginov,Va"]
[Black "Yevseev,D"]
[Result "1/2-1/2"]
[WhiteElo "2516"]
[BlackElo "2580"]

1.Nf3 d5 2.g3 c5 3.Bg2 Nc6 4.d4 e6 5.O-O Nf6 6.c4 dxc4 7.Ne5 Bd7 8.Nxc4 cxd4
9.Bf4 Be7 10.Nd6+ Kf8 11.Nxb7 Qb6 12.Nd6 Qc5 13.Ne4 Nxe4 14.Bxe4 g5 15.Bd2 Rb8
16.Na3 Rxb2 17.Rc1 Qxa3 18.Bxc6 Qxa2 19.Bxg5 Bxg5 20.Qxd4 Bxc1 21.Qxh8+ Ke7
22.Bxd7 Kxd7 23.Rxc1 Rb1 24.Qc8+ Ke7 25.Qc7+ Kf8  1/2-1/2

[Event "6th Foxwoods Open"]
[Site "Connecticut USA"]
[Date "2004.04.10"]
[Round "6"]
[White "Fang,J"]
[Black "Winer,S"]
[Result "1/2-1/2"]
[WhiteElo "2317"]
[BlackElo "2335"]

1.Nf3 d5 2.g3 c6 3.Bg2 Bg4 4.b3 Nd7 5.Bb2 Ngf6 6.d3 e6 7.Nbd2 Bd6 8.O-O O-O
9.h3 Bh5 10.e4 e5 11.Re1 Re8 12.Qe2 d4 13.c3 c5 14.Nc4 Bc7 15.a4 Bxf3 16.Bxf3 dxc3
17.Bxc3 Nb8 18.Qb2 Nc6 19.Be2 Nd7 20.Red1 Ndb8 21.Rac1 Na6 22.Kg2 Nab4 23.Ne3  1/2-1/2

[Event "Pobeskydi Arcimpex Cup"]
[Site "Frydek Mistek CZE"]
[Date "2004.04.10"]
[Round "6"]
[White "Petran,Pe"]
[Black "Klima,L"]
[Result "1/2-1/2"]
[WhiteElo "2395"]
[BlackElo "2429"]

1.g3 d5 2.Nf3 Nf6 3.Bg2 c6 4.d3 Bg4 5.Nbd2 Nbd7 6.h3 Bh5 7.O-O e5 8.e4 dxe4
9.dxe4 Bc5 10.c3 O-O 11.b4 Bb6 12.Qc2 a5 13.Bb2 Re8 14.a3 Bc7 15.Rfe1 b5
16.c4 axb4 17.axb4 Rxa1 18.Rxa1 Qb8 19.Ra6 Bd6 20.c5 Qc8 21.Ra3 Bc7 22.Nh4 Nf8
23.Nf5 Bg6 24.Nd6 Bxd6 25.cxd6 Nd5 26.Qb3 Nb6 27.Qe3 Na4 28.Ba1 f6 29.Rd3 Bf7
30.Nb3 Bxb3 31.Rxb3 Qe6 32.Rd3 Rd8 33.Qd2 Nb6 34.f4 Nc4 35.Qd1 Rxd6 36.Rxd6 Nxd6
37.fxe5 fxe5 38.Bc3 Nd7 39.Qa1 Nc4 40.Qa8+ Kf7 41.Qa7 Ke7 42.h4 Qg4 43.Qf2 Nd6
44.Bf3 Qe6 45.Qe3 h6 46.Qe2 Nf6 47.Kg2 g5 48.hxg5 hxg5 49.Kg1 g4 50.Bg2 Qc4
51.Qb2 Nfxe4 52.Bxe5 Qd3 53.Bf4 Nc3 54.Bxc6 Ne2+ 55.Kf2 Nd4 56.Bxd6+  1/2-1/2

[Event "ch-city"]
[Site "Berlin GER"]
[Date "2004.04.11"]
[Round "3"]
[White "Schmidt,Pe2"]
[Black "Hansen,Kay"]
[Result "0-1"]
[WhiteElo "2138"]
[BlackElo "2242"]

1.Nf3 d5 2.g3 c6 3.Bg2 Nf6 4.O-O Bf5 5.b3 h6 6.Bb2 e6 7.d3 Be7 8.Nbd2 O-O
9.Qe1 Nbd7 10.e4 dxe4 11.dxe4 Bh7 12.Qe2 Qc7 13.Kh1 Rad8 14.Ne1 Nc5 15.a4 Qd7
16.Bc3 Qc7 17.f3 b6 18.Bh3 a5 19.Ng2 Nh5 20.Ne3 Qxg3 21.Bg4 Nf4 22.Qc4 Qh4
23.Rg1 Bf6 24.e5 Bg5 25.Ndf1 Qf2 26.Bxa5 Nd7 27.Be1 Qe2 28.h4 Qxc4 29.Nxc4 Be7
30.Bd2 Ne2 31.Rg2 Nd4 32.Nfe3 b5 33.axb5 cxb5 34.Na5 Nxe5 35.Bc3 Bf6 36.Nb7 Rb8
37.Nd6 Ndc6 38.Bh3 b4 39.Bb2 Rfd8 40.Ne4 Bxh4 41.Ng4 Ng6 42.Ne3 Nd4 43.Ra7 Nf4
44.Rg4 Nxh3 45.Rxh4 Bxe4 46.fxe4 Ng5 47.e5 Nxc2 48.Nc4 Rd1+ 49.Kg2 Ne3+  0-1

[Event "Open ch-NOR"]
[Site "Oslo NOR"]
[Date "2004.04.11"]
[Round "9"]
[White "Hansen,TR"]
[Black "Lemmers,O"]
[Result "0-1"]
[WhiteElo "2388"]
[BlackElo "2379"]

1.Nf3 d5 2.g3 c6 3.Bg2 Nf6 4.O-O Bg4 5.d3 Nbd7 6.Nbd2 e5 7.h3 Bh5 8.c3 e4
9.Ne1 e3 10.fxe3 Bd6 11.g4 Bg6 12.Ndf3 Qe7 13.b4 h5 14.g5 Nh7 15.h4 f6 16.b5 fxg5
17.bxc6 bxc6 18.Nxg5 Nxg5 19.hxg5 h4 20.Qa4 h3 21.Qxc6 Bh2+ 22.Kh1 hxg2+
23.Nxg2 Qxg5 24.Qxa8+ Nb8 25.e4 Bg3+ 26.Kg1 Qh5  0-1

[Event "ch-city"]
[Site "Berlin GER"]
[Date "2004.04.12"]
[Round "4"]
[White "Ritz,O"]
[Black "Haemmerlein,T"]
[Result "1-0"]
[WhiteElo "2059"]
[BlackElo "2167"]

1.Nf3 d5 2.g3 Nf6 3.Bg2 Bf5 4.d3 c5 5.c4 e6 6.O-O Nc6 7.Qa4 Bd6 8.Nc3 d4
9.Nb5 O-O 10.Nxd6 Qxd6 11.a3 a5 12.Nh4 Bg4 13.Qc2 e5 14.Rb1 Bd7 15.Qd2 h6
16.h3 Rae8 17.Kh2 Nh7 18.Bxc6 Qxc6 19.Qxa5 e4 20.Ng2 Ng5 21.Bxg5 hxg5 22.Qd2 Qh6
23.dxe4 Qxh3+ 24.Kg1 f6 25.f3 Qxg3 26.Qe1 Qe5 27.b4 f5 28.Qd2 fxe4 29.fxe4 Bh3
30.Qd3 g4 31.bxc5 g5 32.Rbd1 g3 33.Qxd4 Rxf1+ 34.Kxf1 Qf4+ 35.Kg1 Rf8 36.Qd5+ Qf7
37.Qxf7+ Rxf7 38.Ne3 Rf2 39.Rd2  1-0

[Event "ACP Blitz Prelim2"]
[Site "playchess.com INT"]
[Date "2004.04.13"]
[Round "9"]
[White "Ghaem Maghami,E"]
[Black "Gustafsson,J"]
[Result "1-0"]
[WhiteElo "2558"]
[BlackElo "2579"]

1.Nf3 d5 2.g3 Bg4 3.Bg2 Nd7 4.O-O e6 5.d3 Bd6 6.Nbd2 Ne7 7.e4 O-O 8.Re1 c5
9.h3 Bh5 10.c3 Nc6 11.exd5 exd5 12.Qb3 Nb6 13.a4 Na5 14.Qc2 c4 15.dxc4 Bg6
16.Qd1 dxc4 17.Nd4 Bd3 18.Ne4 Be5 19.Bg5 Qd7 20.Nc5 Qc7 21.Nxd3 cxd3 22.Qxd3 h6
23.Nb5 Qc4 24.Qf5 hxg5 25.Qxe5 Nb3 26.Rad1 Qxa4 27.Nd6 Rad8 28.Nf5 f6 29.Qe6+ Kh7
30.Rxd8 Rxd8 31.Qf7 Qd7 32.Re7  1-0

[Event "It"]
[Site "Indjija SCG"]
[Date "2004.04.18"]
[Round "9"]
[White "Grunberg,M"]
[Black "Ilincic,Z"]
[Result "1/2-1/2"]
[WhiteElo "2401"]
[BlackElo "2538"]

1.Nf3 d5 2.g3 c5 3.Bg2 Nc6 4.d4 e6 5.O-O Nf6 6.c4 dxc4 7.Qa4 Bd7 8.Qxc4 b5
9.Qd3 Rc8 10.dxc5 Bxc5 11.Nc3 b4 12.Ne4 Nxe4 13.Qxe4 Ne7 14.Ne5 Bb5 15.Be3 Bxe3
16.Qxe3 O-O 17.Qxa7 Bxe2 18.Rfe1 Rc2 19.a3 Qd6 20.axb4 Qxb4 21.b3 Nf5 22.Nc6 Qxb3
23.Be4 Rd2 24.Bxf5 exf5 25.Qe7 Qe6 26.Qb4 Qxc6 27.Qxd2 Bf3 28.Rac1 Qb7 29.Rb1 Qa8
30.Ra1 Qb7 31.Reb1 Qc6 32.Qc1 Qd5 33.Qf1 Be4 34.Rb5 Qc6 35.Rc1 Qa8 36.Rb3 g6
37.f3 Bd5 38.Rd3 h5 39.Qf2 Re8 40.Rcd1 Bc6 41.h4 Qa5 42.Re3 Ra8 43.Qd2 Qxd2
44.Rxd2 Kf8 45.Rc3 Ra6 46.Rd6 Ra1+ 47.Kf2 Be8 48.Rd8 Ke7 49.Rb8 Bd7 50.Rb7 Rd1
51.Ke2 Rd6 52.Rd3 Rxd3 53.Kxd3 Ke8 54.Rc7 Be6 55.Kd4 Kf8 56.Ke5 Kg7 57.Kd6 Ba2
58.Ke5 Bb3 59.Kf4 Bd5 60.Rc5 Be6 61.Kg5 Bd7 62.Rc7 Be6 63.f4 Bd5 64.g4 hxg4
65.h5 gxh5 66.Kxh5 Be4 67.Kh4  1/2-1/2

[Event "Constantin Ungureanu Mem"]
[Site "Bucharest ROM"]
[Date "2004.04.19"]
[Round "5"]
[White "Badea,B"]
[Black "Grigore,N"]
[Result "1-0"]
[WhiteElo "2509"]
[BlackElo "2361"]

1.Nf3 d5 2.g3 Nf6 3.Bg2 c6 4.h3 Bf5 5.d3 Nbd7 6.Nh4 Bg6 7.Nd2 e5 8.O-O d4
9.c3 dxc3 10.bxc3 Bc5 11.Nb3 Be7 12.Nxg6 hxg6 13.d4 Qc7 14.e4 Rd8 15.Qe2 c5
16.Be3 O-O 17.Rac1 Rfe8 18.f4 c4 19.Nd2 exd4 20.cxd4 b5 21.e5 Nh7 22.Ne4 Nb6
23.g4 Nd5 24.f5 Nf8 25.Kh1 Ba3 26.Rc2 Qb6 27.Bg1 gxf5 28.gxf5 Qh6 29.Qf3 Bb4
30.Qg3 c3 31.Rf3 Nh7 32.Bf1 a6 33.Rg2 Kh8 34.Bd3 Rg8 35.Bc2 g5 36.Qh2 Qh5
37.Rg4 Ba3 38.Nxc3 Nxc3 39.Rxc3 Bb2 40.Rb3 Bc1 41.Be3 Bxe3 42.Rxe3 Rc8 43.Qd2 Rc7
44.Kh2 Rgc8 45.Bd1 Qh6 46.d5  1-0

[Event "6th Open"]
[Site "Dubai UAE"]
[Date "2004.04.19"]
[Round "1"]
[White "Jasim,A"]
[Black "Goloshchapov,A"]
[Result "0-1"]
[WhiteElo "2258"]
[BlackElo "2569"]

1.Nf3 d5 2.g3 c6 3.Bg2 Bg4 4.c4 e6 5.O-O Nf6 6.d3 Be7 7.cxd5 Bxf3 8.Bxf3 cxd5
9.Qb3 Qd7 10.d4 Nc6 11.e3 a6 12.Bd2 b5 13.Nc3 O-O 14.Ne2 Ne8 15.e4 dxe4 16.Bxe4 Nf6
17.Bg2 Rac8 18.Be3 Na5 19.Qd3 Nc4 20.b3 Nxe3 21.fxe3 Ba3 22.Nf4 Rc7 23.e4 Rfc8
24.Rad1 Rc3 25.Qe2 Rc2 26.Rd2 Rxd2 27.Qxd2 Bc5 28.Rd1 Ba7 29.Kh1 g6 30.e5 Ng4
31.Qe2 h5 32.h3 Nh6 33.d5  0-1

[Event "6th Open"]
[Site "Dubai UAE"]
[Date "2004.04.19"]
[Round "1"]
[White "Vakhidov,T"]
[Black "Coleman,J"]
[Result "1-0"]
[WhiteElo "2517"]
[BlackElo "2187"]

1.Nf3 d5 2.g3 Nf6 3.Bg2 c6 4.O-O Bf5 5.d3 e6 6.Nbd2 h6 7.Qe1 Be7 8.e4 Bh7
9.Qe2 O-O 10.Re1 Qb6 11.h3 Qa6 12.Ne5 dxe4 13.Nxe4 Nxe4 14.Bxe4 Bxe4 15.Qxe4 Qa5
16.Qe2 Bf6 17.Ng4 Bg5 18.h4 Be7 19.Bd2 Qf5 20.Kh2 Nd7 21.Ne3 Qg6 22.Qf3 Bd6
23.Bc3 Nf6 24.Bxf6 Qxf6 25.c3 Rfe8 26.Kg2 Rad8 27.Rad1 Bc7 28.d4 Qg6  1-0

[Event "6th Open"]
[Site "Dubai UAE"]
[Date "2004.04.22"]
[Round "4"]
[White "Sale,S"]
[Black "Korobov,A"]
[Result "1-0"]
[WhiteElo "2437"]
[BlackElo "2571"]

1.Nf3 d5 2.g3 c6 3.Bg2 Bg4 4.O-O Nd7 5.d4 Ngf6 6.Nbd2 e6 7.Re1 Be7 8.e4 O-O
9.c3 Rc8 10.Qb3 Qc7 11.exd5 cxd5 12.Nf1 Bd6 13.Bg5 h6 14.Bxf6 Nxf6 15.N1d2 Bf5
16.a4 Nd7 17.Bf1 Bh7 18.Re3 Qb6 19.Qxb6 Nxb6 20.Ne5 f6 21.Nd3 Bf5 22.a5 Nd7
23.a6 b6 24.Nf3 g5 25.Rae1 Rfe8 26.Nc1 Kf7 27.Bb5 Re7 28.Nd3 Nb8 29.Nd2 Nc6
30.Kg2 h5 31.h3 Na5 32.Rh1 h4 33.g4 Bg6 34.Rhe1 Nc6 35.Rf3 Kg7 36.Rfe3 Bf7
37.Nf3 Nb8 38.Kf1 Nd7 39.Nd2 Nf8 40.Ke2 Ng6 41.Kd1 e5 42.f3 Nf4 43.Nxf4 gxf4
44.R3e2 Bg6 45.Nb3 Kf8 46.Rd2 Bf7  1-0

[Event "6th Open"]
[Site "Dubai UAE"]
[Date "2004.04.22"]
[Round "4"]
[White "Minasian,Art"]
[Black "Dizdar,G"]
[Result "1-0"]
[WhiteElo "2585"]
[BlackElo "2531"]

1.g3 d5 2.Nf3 c6 3.Bg2 Bg4 4.b3 Nd7 5.Bb2 Ngf6 6.O-O e6 7.d3 Bd6 8.Nbd2 O-O
9.h3 Bxf3 10.Nxf3 Qc7 11.c4 dxc4 12.bxc4 e5 13.Qc2 Rfe8 14.Nd2 Rad8 15.e3 Bf8
16.Rad1 g6 17.d4 Bg7 18.c5 Nd5 19.Ne4 exd4 20.Bxd4 Bxd4 21.Rxd4 N5f6 22.Nd6 Re5
23.Rfd1 Rxc5 24.Qb3 Rf8 25.Qxb7 Qb6 26.Qxb6 Nxb6 27.Nb7 Rc2 28.R4d2 Rc3 29.Rd6 Nfd5
30.Na5 Rc8 31.Nxc6 R3xc6 32.Rxc6 Rxc6 33.Bxd5 Nxd5 34.Rxd5 Ra6 35.Rd2 Kg7
36.h4 Kf6 37.Kf1 Kf5 38.Ke2 f6 39.Kf3 h5 40.Rc2 Ra5 41.Ke2 Ra3 42.Kf3 Ra5
43.Kg2 Ra3 44.Kf1 Ra5 45.f3 Ra4 46.Kg2 Ra5 47.Kh3 Ra3 48.Re2 g5 49.hxg5 fxg5
50.Kg2 g4 51.e4+ Ke6 52.f4 Ra4 53.e5 Ra6 54.Kf2 Kf5 55.Ke3 Ra3+ 56.Kd4 Ke6
57.f5+ Ke7 58.e6 Ra4+ 59.Kd3 Ra3+ 60.Kd4 Ra4+ 61.Ke3 Ra3+ 62.Ke4 Ra4+ 63.Kd3 Ra3+
64.Kc4 Rf3 65.Re5 h4 66.gxh4 g3 67.Ra5 Rf4+ 68.Kd3 Kf6 69.Rxa7 g2 70.Rf7+ Ke5
71.e7 Rd4+ 72.Ke2 g1=Q 73.e8=Q+ Kd5  1-0

[Event "ch-POL"]
[Site "Warsaw POL"]
[Date "2004.04.24"]
[Round "1"]
[White "Markowski,T"]
[Black "Jakubiec,A"]
[Result "1/2-1/2"]
[WhiteElo "2605"]
[BlackElo "2532"]

1.g3 d5 2.Nf3 Nc6 3.d4 Nf6 4.Bg2 Bf5 5.O-O Qd7 6.c4 dxc4 7.Qa4 e5 8.dxe5 Nxe5
9.Qxd7+ Nexd7 10.Nbd2 Bc5 11.Nxc4 O-O-O 12.Be3 Bxe3 13.Nxe3 Be4 14.Ng5 Bxg2
15.Kxg2 Rhf8 16.Rac1 Ne5 17.Rc5 Nc6 18.Rfc1 Rd7 19.Nf5 g6 20.Nh6 Re8 21.e3  1/2-1/2

[Event "Bundesliga 2003-4"]
[Site "Koelln GER"]
[Date "2004.04.25"]
[Round "15"]
[White "Gisbrecht,E"]
[Black "Van den Doel,E"]
[Result "1/2-1/2"]
[WhiteElo "2441"]
[BlackElo "2599"]

1.Nf3 d5 2.g3 Nf6 3.Bg2 e6 4.O-O Be7 5.b3 a5 6.a3 O-O 7.Bb2 b5 8.c4 c6 9.d3 Nbd7
10.Nbd2 Ba6 11.Qc2 Qb6 12.Rab1 Qb8 13.Nd4 Rc8 14.e4 Bf8 15.N4f3 dxe4 16.dxe4 e5
17.Ne1 Re8  1/2-1/2

[Event "Bundesliga 2003-4"]
[Site "Koelln GER"]
[Date "2004.04.25"]
[Round "15"]
[White "Nikolic,Pr"]
[Black "Khenkin,I"]
[Result "1-0"]
[WhiteElo "2648"]
[BlackElo "2596"]

1.Nf3 d5 2.g3 Bg4 3.Bg2 c6 4.O-O Nd7 5.d3 Ngf6 6.c4 Bxf3 7.Bxf3 Ne5 8.Bg2 dxc4
9.d4 Ned7 10.Qc2 Nb6 11.Rd1 e6 12.e4 Bb4 13.a3 Be7 14.a4 a5 15.Na3 O-O 16.Nxc4 Nxc4
17.Qxc4 Bb4 18.h3 Qe7 19.Be3 Rad8 20.Rd3 Rd7 21.Rad1 Rfd8 22.Kh2 h6 23.Qc2 e5
24.Qe2 Qe6 25.b3 Be7 26.Bf3 Bd6 27.dxe5 Bxe5 28.Bb6 Rxd3 29.Rxd3 Rxd3 30.Qxd3 h5
31.Bxa5 h4 32.Bd2 hxg3+ 33.fxg3 Nd7 34.Bg4 Qf6 35.Be3 Qh4 36.Bf2 Nf8 37.b4 Qf6
38.Kg2 Bd6 39.b5 cxb5 40.Qxb5 Qe7 41.e5 Bxe5 42.Bf3 Ng6 43.Qxb7 Qg5 44.Qc8+ Kh7
45.Be4 Qd2 46.Qc4  1-0

[Event "TCh-RUS 1st Liga"]
[Site "Sochi RUS"]
[Date "2004.04.25"]
[Round "6"]
[White "Askarov,M"]
[Black "Zontakh,A"]
[Result "1/2-1/2"]
[WhiteElo "2404"]
[BlackElo "2520"]

1.g3 d5 2.Nf3 Bg4 3.Bg2 Nd7 4.c4 e6 5.b3 Ngf6 6.Bb2 c6 7.O-O Bd6 8.d4 O-O
9.Ne5 Bf5 10.Nd2 h6 11.h3 Bh7 12.Kh2 Rc8 13.e3 Qc7 14.f4 Bb4 15.Nb1 Ne4 16.Ba3 a5
17.Bxb4 axb4 18.Nxd7 Qxd7 19.Nd2 Nc3 20.Qc1 b6 21.a3 c5 22.axb4 cxb4 23.Qb2 Ra8
24.Rxa8 Rxa8 25.Ra1 Ra5 26.Rxa5 bxa5 27.Qa1 Qa7 28.Bf1 dxc4 29.Nxc4 a4 30.bxa4 Qxa4
31.Qxa4 Nxa4 32.Na5 Bc2 33.Bc4 Nb6 34.Kg2 Nxc4 35.Nxc4 Be4+ 36.Kf2 g5 37.Nd2 Bc2
38.Kf3 Kg7 39.e4 gxf4 40.Kxf4 Kf6 41.g4 Ke7 42.h4 f6 43.e5 b3 44.Nc4 fxe5+
45.Kxe5 Bd3 46.Nb2 Be2  1/2-1/2

[Event "6th Open"]
[Site "Dubai UAE"]
[Date "2004.04.27"]
[Round "8"]
[White "Sale,S"]
[Black "Asrian,K"]
[Result "1/2-1/2"]
[WhiteElo "2437"]
[BlackElo "2605"]

1.Nf3 d5 2.g3 Bg4 3.Bg2 c6 4.c4 e6 5.O-O Nd7 6.cxd5 cxd5 7.Nc3 Ngf6 8.d3 Bc5
9.h3 Bxf3 10.Bxf3 O-O 11.Bg2 Rc8 12.Bd2 a6 13.Rc1 b5 14.a3 Qb6 15.b4 Bd6
16.Kh1 Rfd8 17.Qe1 h6 18.f4 d4 19.Ne4 Be7 20.Qf2 Nd5 21.g4 Ne3 22.Bxe3 dxe3
23.Qf3 Qd4 24.Rxc8 Rxc8 25.g5 hxg5 26.fxg5 Rf8 27.Qf4 Qe5 28.Qxe3 Bd6 29.Qg1 Bb8
30.d4 Qc7 31.Rc1 Qd8 32.Qf2 f5 33.Qh4 fxe4 34.Bxe4 Rf5 35.Bxf5 exf5 36.e4 Nf8
37.exf5 Qd5+ 38.Kg1 Ba7 39.Rd1 Qxf5 40.Qg4 Qd5  1/2-1/2

[Event "6th Open"]
[Site "Dubai UAE"]
[Date "2004.04.28"]
[Round "9"]
[White "Anastasian,A"]
[Black "Shetty,R"]
[Result "1-0"]
[WhiteElo "2587"]
[BlackElo "2367"]

1.Nf3 d5 2.g3 c6 3.Bg2 Bg4 4.c4 e6 5.cxd5 exd5 6.h3 Bxf3 7.Bxf3 Nf6 8.O-O Bc5
9.Qc2 Nbd7 10.d3 O-O 11.Nc3 Re8 12.e4 dxe4 13.dxe4 a5 14.Bg2 Qe7 15.Kh2 Bd4
16.Bd2 Qc5 17.f4 a4 18.Rac1 Bxc3 19.Bxc3 Qc4 20.Qb1 Nxe4 21.Be5  1-0

[Event "ch-POL"]
[Site "Warsaw POL"]
[Date "2004.04.28"]
[Round "5"]
[White "Markowski,T"]
[Black "Lagowski,P"]
[Result "1-0"]
[WhiteElo "2605"]
[BlackElo "2425"]

1.g3 d5 2.Nf3 g6 3.Bg2 Bg7 4.d4 Nf6 5.O-O O-O 6.Nbd2 Ne4 7.c3 Nxd2 8.Bxd2 c6
9.Qb3 a5 10.a4 Nd7 11.Bf4 Qb6 12.Qa2 Nf6 13.Be5 Bg4 14.Rfe1 Rae8 15.Rad1 Bh6
16.Bxf6 exf6 17.e3 Re7 18.Rc1 Bxf3 19.Bxf3 f5 20.b3 Rfe8 21.Red1 g5 22.Qc2 f4
23.exf4 gxf4 24.Rb1 Qd8 25.c4 dxc4 26.bxc4 Qd6 27.Kg2 Bg7 28.c5 Qh6 29.d5 cxd5
30.Rxd5 fxg3 31.hxg3 Re1 32.Rh5 Qg6 33.Rxe1 Rxe1 34.Qd2 Re8 35.Qxa5 h6 36.Rd5 Kh7
37.Qb4 Qc2 38.Qxb7 Kg8 39.c6 Bc3 40.Qd7 Re1 41.c7  1-0

[Event "ch-POL"]
[Site "Warsaw POL"]
[Date "2004.04.30"]
[Round "7"]
[White "Markowski,T"]
[Black "Murdzia,P"]
[Result "1/2-1/2"]
[WhiteElo "2605"]
[BlackElo "2455"]

1.g3 d5 2.Nf3 g6 3.Bg2 Bg7 4.d4 Nf6 5.O-O O-O 6.Nbd2 Ne4 7.Nxe4 dxe4 8.Ne5 Nd7
9.Nxd7 Qxd7 10.c3 Qd5 11.Bf4 c6 12.Qb3 f5 13.f3 Qxb3 14.axb3 exf3 15.exf3 Be6
16.b4 Kf7 17.Kf2 Bc4 18.Rfe1 Bf6 19.Be5 Rfd8 20.Bxf6 exf6 21.Bf1 Bxf1 22.Kxf1 a6
23.Ke2 Ke6 24.Kd3+ Kd6 25.Re2 Re8 26.Rae1 Rxe2 27.Rxe2 a5 28.bxa5 Rxa5 29.Re8 Ra2
30.Kc2 Ra1 31.Rh8 Rf1 32.Rxh7 Rxf3 33.Rxb7 Rf2+ 34.Kd3 Rxh2 35.Rf7 Ke6 36.Rc7 Kd6
37.Rf7  1/2-1/2

[Event "FSIM May"]
[Site "Budapest HUN"]
[Date "2004.05.02"]
[Round "2"]
[White "Brustkern,J"]
[Black "Berczes,D"]
[Result "1/2-1/2"]
[WhiteElo "2266"]
[BlackElo "2293"]

1.Nf3 d5 2.g3 c5 3.c4 d4 4.b4 cxb4 5.a3 e6 6.Bg2 Nc6 7.O-O a5 8.Bb2 e5 9.e3 Be6
10.exd4 exd4 11.Re1 bxa3 12.Nxa3 Be7 13.Nb5 Bf6 14.c5 Nh6 15.Nd6+ Kf8 16.Ra4 Nf5
17.Ne4 h5 18.h4 Be7 19.Nfg5 b5 20.cxb6 Qxb6 21.Nxe6+ fxe6 22.Ba3 Bxa3 23.Rxa3 Re8
24.Qc2 Nb4 25.Qc5+ Qxc5 26.Nxc5 Nc2 27.Nxe6+ Rxe6 28.Rxe6 Nxa3 29.Ra6 g6
30.Rxg6 Ke7 31.Ra6 Nc4 32.d3 Ncd6 33.Rxa5 Rb8 34.Bf3 Rb3 35.Be2 Kf6 36.Kg2 Kg6
37.Kf3 Ne8 38.Kf4 Ned6 39.Ra6 Rb2 40.g4 hxg4 41.Bxg4 Rxf2+ 42.Ke5 Kg7 43.Ra7+ Kg6
44.Ra6  1/2-1/2

[Event "9th Ivan Cvitanovic Mem"]
[Site "Split CRO"]
[Date "2004.05.02"]
[Round "2"]
[White "Saric,A"]
[Black "Videki,S"]
[Result "0-1"]
[WhiteElo "2393"]
[BlackElo "2415"]

1.Nf3 d5 2.g3 Nc6 3.d4 Bg4 4.Bg2 Qd7 5.h3 Bxf3 6.exf3 e6 7.f4 h5 8.c3 Nge7
9.Nd2 Nf5 10.Nf3 f6 11.Bd2 O-O-O 12.Qc2 h4 13.g4 Nd6 14.O-O-O Ne4 15.Be3 Bd6
16.Ne1 f5 17.Nd3 Ne7 18.f3 Ng3 19.Rhe1 Ng6 20.Ne5 Bxe5 21.fxe5 Qf7 22.Bf1 fxg4
23.fxg4 Nf4 24.Kb1 Rhf8 25.Rd2 Ne4 26.Rh2 c6 27.a3 Rd7 28.Ka2 Qe8 29.c4 Rc7
30.Qa4 Kb8 31.cxd5 exd5 32.Rc2 Ng3 33.Qb4 Qe7 34.Bd2 Rf7 35.Qa4 Ne6 36.Bg2 b5
37.Qa6 Nxd4 38.Bb4 Qxb4 39.axb4 Nxc2 40.Kb3 Nxe1 41.Bxd5 Rf3+ 42.Bxf3 Nxf3
43.Qa1 Ne2 44.Ka2 Re7 45.Qd1 Ned4 46.Qd3 Kc7 47.Qg6 Nxe5 48.Qg5 Kd7 49.Qf4 Ndf3
50.Qf5+ Kd6 51.Qf8 Ke6 52.Qf5+ Kd5 53.Qc2 Rd7 54.Qe2 Rf7 55.Qe3 g5 56.b3 Rf4
57.Qc5+ Ke4 58.Qc2+ Ke3 59.Ka3 Rd4 60.Qg2 Rd1 61.Qc2 Ra1+ 62.Kb2 Re1 63.Ka3 Nd3
64.Qc3 Nd4 65.Ka2 a6 66.Ka3 Ra1+  0-1

[Event "Mitropa Cup"]
[Site "Zemplinska Sirava SVK"]
[Date "2004.05.02"]
[Round "5"]
[White "Lenic,L"]
[Black "Jirka,J"]
[Result "1/2-1/2"]
[WhiteElo "2374"]
[BlackElo "2408"]

1.Nf3 d5 2.g3 g6 3.Bg2 Bg7 4.O-O c5 5.d4 Nf6 6.c4 O-O 7.dxc5 dxc4 8.Qa4 Qd5
9.Nc3 Qxc5 10.Be3 Qh5 11.Qxc4 Nc6 12.Qc5 e5 13.Qc4 Ng4 14.Bc5 e4 15.h3 exf3
16.hxg4 Bxg4 17.exf3 Be6 18.Qb5 Rfc8 19.g4 Qh4 20.Be3 Nd4 21.Qg5 Qxg5 22.Bxg5 f5
23.Rad1 Rc7 24.Rfe1 Bf7 25.Rd2 h6 26.Be3 Rd7 27.Red1 Rad8 28.Kh1 Be6 29.gxf5 Bxf5
30.f4 b6 31.Nd5 Nb5 32.Ne7+ Kh7 33.Rxd7 Rxd7 34.Rxd7 Bxd7 35.Be4 Bf6 36.Nxg6 Kg7
37.Ne5 Be6 38.Bd3 Nd6 39.a3 Bd5+ 40.Kg1 Ne4 41.f3 Nc5 42.Bxc5 bxc5 43.Kf2 Be6
44.Kg3 h5 45.Be4 h4+ 46.Kg2 Kf8 47.b4 c4 48.Nc6 a6 49.a4 c3 50.b5 axb5 51.a5 Bc8
52.Nb4 Be7 53.a6 Bc5 54.f5 Kg7 55.Kh3 Kf6 56.Nd5+ Ke5 57.Kxh4 Bxa6 58.Nxc3 Bb4
59.Nxb5 Bxb5  1/2-1/2

[Event "ch-UKR Women"]
[Site "ALushta UKR"]
[Date "2004.05.05"]
[Round "2"]
[White "Sulejmanova,A"]
[Black "Doluhanova,E"]
[Result "1/2-1/2"]
[WhiteElo "2293"]
[BlackElo "2206"]

1.Nf3 d5 2.g3 Nf6 3.Bg2 g6 4.O-O Bg7 5.d3 O-O 6.Nbd2 Nc6 7.c3 e5 8.e4 dxe4
9.dxe4 Qe7 10.Qe2 a6 11.b4 Rd8 12.a4 Bg4 13.h3 Bd7 14.Ba3 Qe8 15.b5 Na7 16.c4 Nc8
17.Bb2 Nh5 18.Nb3 axb5 19.axb5 Nd6 20.Nc5 Rxa1 21.Rxa1 Bc8 22.Rc1 f6 23.Nd3 Bh6
24.Rc2 Be6 25.Nb4 Qf7 26.Bf1 Nc8 27.Nh2 Bf8 28.Nd5 c6 29.bxc6 bxc6 30.Ne3 Bc5
31.Nhg4 Qd7 32.Bc3 Nd6 33.Rd2 Qe7 34.Qf3 Nf7 35.h4 Bd4 36.Bxd4 exd4 37.Nc2 Ne5
38.Nxe5 fxe5 39.Ne1 Rf8 40.Qd3 Qf7 41.Rb2 h6 42.c5 Nf6 43.Bg2 Qa7 44.Qc2 Nd7  1/2-1/2

[Event "Karadjordje-Serbia"]
[Site "Topola SCG"]
[Date "2004.05.07"]
[Round "4"]
[White "Jeremic,V"]
[Black "Todorovic,GM"]
[Result "1/2-1/2"]
[WhiteElo "2490"]
[BlackElo "2548"]

1.Nf3 d5 2.g3 c6 3.Bg2 Nf6 4.O-O Bg4 5.d4 Nbd7 6.Nbd2 e6 7.Re1 Be7 8.e4 O-O
9.c3 a5 10.a4 Qb6 11.e5 Ne8 12.h3 Bh5 13.g4 Bg6 14.Nf1 Nc7 15.Ng3 c5 16.h4 cxd4
17.h5 Be4 18.Nxe4 dxe4 19.Nxd4 Nxe5 20.Bxe4 Rad8  1/2-1/2

[Event "ch-UKR Women"]
[Site "ALushta UKR"]
[Date "2004.05.11"]
[Round "8"]
[White "Sulejmanova,A"]
[Black "Moskalets,S"]
[Result "1-0"]
[WhiteElo "2293"]
[BlackElo "2147"]

1.Nf3 d5 2.g3 c6 3.Bg2 Bg4 4.d3 Nd7 5.Nbd2 e6 6.O-O Bd6 7.h3 Bh5 8.Qe1 Ne7
9.e4 O-O 10.Nh2 f6 11.f4 a5 12.Kh1 a4 13.a3 Bf7 14.Ndf3 e5 15.Be3 Qc7 16.f5 dxe4
17.dxe4 Bc5 18.Rd1 Bxe3 19.Qxe3 Qb6 20.Qc3 Rfd8 21.Ng4 Nc5 22.Rde1 Nc8 23.Nfxe5 fxe5
24.Nxe5 Qa5 25.Qe3 Be8 26.f6 Nd6 27.fxg7 Ne6 28.Qh6 Nf7 29.Nxf7 Bxf7 30.Rxf7 Qxe1+
31.Rf1 Qxg3 32.Qxe6+ Kxg7 33.e5 Rd2 34.Qf6+ Kg8 35.Rg1  1-0

[Event "Karadjordje-Serbia"]
[Site "Topola SCG"]
[Date "2004.05.11"]
[Round "8"]
[White "Ivanisevic,I"]
[Black "Mastrovasilis,D"]
[Result "1/2-1/2"]
[WhiteElo "2550"]
[BlackElo "2533"]

1.Nf3 d5 2.g3 c6 3.Bg2 Bg4 4.O-O Nd7 5.d3 Ngf6 6.Nbd2 e5 7.e4 Bd6 8.h3 Bh5
9.exd5 cxd5 10.c4 O-O 11.cxd5 Nxd5 12.Qb3 N5b6 13.Ne4 Be7 14.a4 Kh8 15.a5 f5
16.Neg5 Nc5 17.Qc3 Nd5 18.Qc4 e4 19.dxe4 fxe4 20.Ne5 Bxg5 21.Bxg5 Qxg5 22.Qxd5 Rf5
23.Qxc5 Rxe5 24.Qe3 Qxe3 25.fxe3 Rd8 26.a6 Be2 27.axb7 Bxf1 28.Bxf1 Re7 29.Rxa7 Rb8
30.Ba6 g5 31.Ra8 Ree8 32.Ra7 Re7  1/2-1/2

[Event "Karadjordje-Serbia"]
[Site "Topola SCG"]
[Date "2004.05.13"]
[Round "10"]
[White "Jeremic,V"]
[Black "Sedlak,N"]
[Result "1/2-1/2"]
[WhiteElo "2490"]
[BlackElo "2519"]

1.Nf3 d5 2.g3 c6 3.Bg2 Bg4 4.O-O Nd7 5.d3 e5 6.Nbd2 Ngf6 7.e4 dxe4 8.dxe4 Qc7
9.Qe2 Be7 10.h3 Bh5 11.b3 O-O 12.Bb2 Rfe8 13.Rfe1 Bf8  1/2-1/2

[Event "Summer I"]
[Site "Alushta UKR"]
[Date "2004.05.14"]
[Round "2"]
[White "Derjabin,I"]
[Black "Rausis,I"]
[Result "0-1"]
[WhiteElo "2391"]
[BlackElo "2484"]

1.Nf3 d5 2.g3 Nf6 3.Bg2 e6 4.O-O b6 5.c4 Bb7 6.Ne5 Bd6 7.Qa4+ Nfd7 8.Nxd7 Qxd7
9.Qxd7+ Nxd7 10.d4 O-O-O 11.cxd5 Bxd5 12.e4 Bc4 13.Rd1 c5 14.Be3 Ba6 15.Nc3 cxd4
16.Rxd4 Bc5 17.Ra4 Bxe3 18.fxe3 Nc5 19.Ra3 Bb7 20.Rxa7 Rd2 21.b4 Na6 22.Bf1 Nxb4
23.Nb5 Kb8 24.Rb1 Nc6 25.Ra4 Rhd8 26.Nc3 Ne5 27.Bg2 Rc8 28.Ra3 Rc2  0-1

[Event "22nd LIE-Open"]
[Site "Triesen LIE"]
[Date "2004.05.14"]
[Round "1"]
[White "Arquint,A"]
[Black "Malakhatko,V"]
[Result "0-1"]
[WhiteElo "2096"]
[BlackElo "2540"]

1.Nf3 d5 2.g3 Bg4 3.Bg2 Nd7 4.d3 c6 5.O-O e6 6.Nbd2 Bd6 7.e4 Ne7 8.Qe1 O-O
9.h3 Bh5 10.Kh1 Re8 11.Nh2 f6 12.exd5 Nxd5 13.Ne4 Bf8 14.Bd2 a5 15.a3 a4
16.f4 Bf7 17.c4 Nc7 18.Bb4 c5 19.Bc3 Qb8 20.Rb1 b5 21.b3 axb3 22.Rxb3 Qb6
23.Nd2 Ra4 24.Qd1 Qa6 25.Qf3 Rxa3 26.Qc6 Rxb3 27.Nxb3 Qxc6 28.Bxc6 bxc4 29.dxc4 Rb8
30.Na5 Nb6 31.Rb1 Na6 32.Rd1 Nb4 33.Bb5 Ra8 34.Nc6 Nxc6 35.Bxc6 Ra3 36.Be1 Nxc4
37.Ng4 h5 38.Nh2 Ne3 39.Rc1 Nf5 40.Nf1 h4 41.g4 Nd4 42.Bg2 Ne2 43.Rc2 Nxf4
44.Bf2 Bg6 45.Rc4 Nxg2 46.Kxg2 Bd3 47.Rc1 Be4+ 48.Kg1 Rxh3  0-1